[Event "31st 4NCL Congress"]
[Site "Harrogate, North Yorkshire, ENG"]
[Date "2024.01.20"]
[Round "2.21"]
[White "Sloan, Cecil"]
[Black "Wright, George A"]
[Result "1-0"]
[WhiteElo "1612"]
[BlackElo "1405"]
[PlyCount "97"]
[EventDate "2024.01.19"]

1. e4 c6 2. d4 d5 3. exd5 cxd5 4. Bd3 Nc6 5. c3 Qc7 6. Ne2 e6 7. Bf4 Bd6 8.
Bxd6 Qxd6 9. Nd2 Nge7 10. Nf3 Bd7 11. O-O O-O 12. Ng3 Ng6 13. Qc2 Rac8 14. Qd2
Qf4 15. Bxg6 Qxd2 16. Bxh7+ Kxh7 17. Nxd2 Ne7 18. Nf3 f6 19. Rfe1 Ng6 20. Re3
Nf4 21. Ne2 g5 22. Nxf4 gxf4 23. Rd3 Bb5 24. Rd2 Rg8 25. Re1 Bd7 26. Rd3 Rce8
27. Nd2 Kg7 28. Nb3 b6 29. Nc1 Kf7 30. Rh3 Rg7 31. Rh6 Reg8 32. g3 Rg6 33. Rxg6
Rxg6 34. Ne2 e5 35. f3 Bb5 36. Kf2 Bxe2 37. Rxe2 fxg3+ 38. hxg3 Ke6 39. g4 a6
40. Kg3 Rg8 41. Rh2 e4 42. fxe4 dxe4 43. Kf4 Kd5 44. b3 b5 45. Re2 Re8 46. Kf5
Re6 47. c4+ bxc4 48. bxc4+ Kd6 49. Rxe4 1-0

[Event "31st 4NCL Congress"]
[Site "Harrogate, North Yorkshire, ENG"]
[Date "2024.01.20"]
[Round "2.22"]
[White "Edgar, Barry"]
[Black "Pringle, Andrew"]
[Result "1/2-1/2"]
[WhiteElo "1605"]
[BlackElo "1387"]
[PlyCount "94"]
[EventDate "2024.01.19"]

1. d4 d5 2. Bf4 Nf6 3. e3 c5 4. c3 Nc6 5. Nd2 Bf5 6. Qb3 Qd7 7. Ngf3 c4 8. Qd1
e6 9. b3 b5 10. Ne5 Nxe5 11. Bxe5 Ng4 12. Bf4 Bd6 13. Be2 Nf6 14. Bxd6 Qxd6 15.
a4 Qc6 16. axb5 Qxb5 17. bxc4 Qd7 18. O-O O-O 19. Qa4 Qxa4 20. Rxa4 Rfb8 21.
Rb4 a5 22. Rb5 a4 23. Ra1 Rc8 24. c5 Ne8 25. Ra3 Nc7 26. Rb4 Bc2 27. Rb2 Bf5
28. f4 Kf8 29. Nf3 f6 30. c4 Be4 31. Nd2 Bg6 32. Nb1 Bxb1 33. Rxb1 dxc4 34.
Bxc4 Ke7 35. Rb4 Rcb8 36. Rbxa4 Rxa4 37. Rxa4 Rb1+ 38. Kf2 Rb2+ 39. Kf3 Rc2 40.
h3 f5 41. g4 g6 42. Ra7 Kd8 43. Ra4 Ke7 44. Rb4 Rh2 45. Kg3 Rc2 46. Rb7 Kd8 47.
Rb4 Ke7 1/2-1/2

[Event "31st 4NCL Congress"]
[Site "Harrogate, North Yorkshire, ENG"]
[Date "2024.01.20"]
[Round "2.23"]
[White "Maheshwari, Shlok"]
[Black "Weller, Colin"]
[Result "0-1"]
[WhiteElo "1293"]
[BlackElo "1599"]
[PlyCount "132"]
[EventDate "2024.01.19"]

1. e4 d6 2. d4 Nf6 3. Nc3 Nbd7 4. Nf3 e5 5. dxe5 Nxe5 6. Nxe5 dxe5 7. Qxd8+
Kxd8 8. Be3 Bd6 9. O-O-O Be6 10. Bd3 Ke7 11. h3 h6 12. Nb5 a6 13. Nxd6 cxd6 14.
f4 exf4 15. Bxf4 d5 16. exd5 Nxd5 17. Rhf1 Nxf4 18. Rxf4 b5 19. b3 Rhd8 20. Re1
g6 21. g4 Rd6 22. h4 Rc8 23. Kb2 Rc5 24. Rfe4 Kd7 25. Re5 Rxe5 26. Rxe5 Bxg4
27. Kc3 h5 28. Re1 Be6 29. Ra1 Kc7 30. a4 Kb6 31. axb5 axb5 32. Re1 Kc5 33. Re4
Rb6 34. Re5+ Bd5 35. Kd2 Kd6 36. Rg5 b4 37. Ke3 Be6 38. Kd4 Ke7 39. Kc5 Rd6 40.
Kxb4 Rd4+ 41. Kc3 Rxh4 42. b4 Rh1 43. b5 Rb1 44. Rg2 Bd7 45. Re2+ Kf6 46. Rf2+
Kg7 47. Bc4 f5 48. Bd3 Bxb5 49. Bxf5 gxf5 50. Rxf5 Kg6 51. Rf3 Be2 52. Rg3+ Bg4
53. Kd4 Rd1+ 54. Ke4 Kg5 55. c4 h4 56. Rg2 h3 57. Rh2 Kh4 58. c5 Kg3 59. Rc2 h2
60. c6 h1=Q+ 61. Ke5 Qd5+ 62. Kf6 Rf1+ 63. Kg6 Qf5+ 64. Kh6 Rh1+ 65. Kg7 Rh7+
66. Kg8 Qf7# 0-1

[Event "31st 4NCL Congress"]
[Site "Harrogate, North Yorkshire, ENG"]
[Date "2024.01.20"]
[Round "2.24"]
[White "Monk, Carl"]
[Black "Collins, Steve"]
[Result "1-0"]
[WhiteElo "1593"]
[BlackElo "1369"]
[PlyCount "67"]
[EventDate "2024.01.19"]

1. d4 d5 2. Nf3 Nf6 3. c4 e6 4. Nc3 Be7 5. Bg5 h6 6. Bxf6 Bxf6 7. e3 O-O 8. Rc1
dxc4 9. Bxc4 b6 10. O-O Bb7 11. Qe2 Nd7 12. Rfd1 Qe7 13. d5 Bxc3 14. Rxc3 exd5
15. Bxd5 Bxd5 16. Rxd5 c5 17. Qa6 Nf6 18. Re5 Qc7 19. b4 Rfd8 20. Qe2 Qd6 21.
bxc5 Qd1+ 22. Qf1 Qxf1+ 23. Kxf1 bxc5 24. Ke2 Rab8 25. Rc2 c4 26. Rc5 c3 27.
R5xc3 Nd5 28. Ra3 Rb7 29. Nd4 Re8 30. Kf3 a6 31. Ra4 g6 32. a3 Rb6 33. Rc5 Kg7
34. Rxd5 1-0

[Event "31st 4NCL Congress"]
[Site "Harrogate, North Yorkshire, ENG"]
[Date "2024.01.20"]
[Round "2.25"]
[White "Hambly, Neil"]
[Black "Mackenzie, Nathaniel"]
[Result "1-0"]
[WhiteElo "1585"]
[BlackElo "1290"]
[PlyCount "69"]
[EventDate "2024.01.19"]

1. e4 e5 2. Nc3 Bb4 3. Nd5 a5 4. Qg4 g6 5. Bc4 Nf6 6. Qg5 Nxe4 7. Qxe5+ Be7 8.
Qxh8+ Bf8 9. Qe5+ Be7 10. Qxe4 d6 11. Qxe7+ Qxe7+ 12. Nxe7 Kxe7 13. Nf3 Bg4 14.
d3 Nc6 15. a3 Rd8 16. O-O d5 17. Ba2 Kf8 18. Bh6+ Ke8 19. Rfe1+ Kd7 20. Bxd5
Kc8 21. Bxc6 bxc6 22. Re7 Be6 23. Ng5 Rd6 24. Nxe6 fxe6 25. Re1 Rd5 26. Bf4 Kb7
27. Bxc7 Rc5 28. Bxa5+ Kc8 29. b4 Rd5 30. R1xe6 h5 31. Rxc6+ Kb8 32. Rc5 Rd4
33. Bc7+ Ka8 34. Be5 Rd8 35. Ra5# 1-0

[Event "31st 4NCL Congress"]
[Site "Harrogate, North Yorkshire, ENG"]
[Date "2024.01.20"]
[Round "2.27"]
[White "Robinson, Steve"]
[Black "Sayer, Ray M"]
[Result "1-0"]
[WhiteElo "1394"]
[BlackElo "1686"]
[PlyCount "63"]
[EventDate "2024.01.19"]

1. Nc3 Nf6 2. e4 e5 3. Bc4 Nc6 4. d3 d6 5. f4 exf4 6. Nf3 Ne5 7. Bb3 Nxf3+ 8.
Qxf3 g5 9. h4 g4 10. Qxf4 h5 11. e5 dxe5 12. Qxe5+ Qe7 13. Qxe7+ Bxe7 14. Bg5
Bd7 15. Rf1 O-O-O 16. Bxf6 Bxf6 17. Rxf6 Rde8+ 18. Kd2 Be6 19. Bxe6+ fxe6 20.
Re1 Kd7 21. Rf7+ Kc6 22. g3 a6 23. Re5 Kd6 24. Rg5 Re7 25. Ne4+ Kd7 26. Nf6+
Kd8 27. Rxe7 Kxe7 28. Nxh5 Rf8 29. Nf4 Kd6 30. d4 c6 31. Rg6 Re8 32. h5 1-0

[Event "31st 4NCL Congress"]
[Site "Harrogate, North Yorkshire, ENG"]
[Date "2024.01.20"]
[Round "2.28"]
[White "Berry, Mike"]
[Black "Shortt, John"]
[Result "0-1"]
[WhiteElo "1545"]
[BlackElo "1398"]
[PlyCount "62"]
[EventDate "2024.01.19"]

1. c4 g6 2. d4 Bg7 3. Nf3 d6 4. e4 Nf6 5. Nc3 Nbd7 6. Be2 O-O 7. O-O e5 8. dxe5
dxe5 9. Bg5 b6 10. Qc2 Bb7 11. Rad1 Qe8 12. Nd5 Rc8 13. Rd2 Bxd5 14. cxd5 Nc5
15. Bxf6 Bxf6 16. Rfd1 Nb7 17. Ba6 Rb8 18. Qxc7 Nc5 19. Qxa7 Qd8 20. d6 Ra8 21.
Qc7 Qxc7 22. dxc7 Nxa6 23. Rd7 Rfe8 24. R1d6 Nc5 25. Rxf6 Nxd7 26. Rd6 Nc5 27.
Rxb6 Rec8 28. b4 Ne6 29. Rc6 Rxc7 30. Rxc7 Nxc7 31. Nd2 Rd8 0-1

[Event "31st 4NCL Congress"]
[Site "Harrogate, North Yorkshire, ENG"]
[Date "2024.01.20"]
[Round "2.29"]
[White "Jones, Mark"]
[Black "Butterworth, Brian"]
[Result "1/2-1/2"]
[WhiteElo "1381"]
[BlackElo "1543"]
[PlyCount "100"]
[EventDate "2024.01.19"]

1. d4 e6 2. Nf3 b6 3. e3 Bb7 4. Bd3 Nf6 5. b3 Nc6 6. Bb2 Nb4 7. Be2 d5 8. a3
Nc6 9. Nbd2 Bd6 10. O-O O-O 11. Ne5 Ne7 12. Bd3 c5 13. f4 Nf5 14. Qe2 Rc8 15.
c3 Ne4 16. Rf3 Bxe5 17. fxe5 c4 18. Bc2 cxb3 19. Bxe4 dxe4 20. Rf4 Qc7 21. Nf1
Bd5 22. Ng3 Nxg3 23. hxg3 Qc4 24. Qf2 Qc7 25. Kh2 f6 26. exf6 Rxf6 27. Rxf6
gxf6 28. Qxf6 Rf8 29. Qg5+ Qg7 30. Qxg7+ Kxg7 31. Kg1 Kg6 32. Rf1 Rf5 33. Rf4
Kg5 34. Kh2 Rxf4 35. gxf4+ Kg4 36. Kg1 Kg3 37. Kf1 b5 38. Kg1 a5 39. Kf1 h5 40.
Kg1 h4 41. Kf1 Bc4+ 42. Kg1 h3 43. gxh3 Kxh3 44. Kf2 Kh2 45. Ke1 Kg2 46. Bc1
Kf3 47. Kd2 Bd3 48. Bb2 Kf2 49. Bc1 Kf3 50. Bb2 Kg4 1/2-1/2

[Event "31st 4NCL Congress"]
[Site "Harrogate, North Yorkshire, ENG"]
[Date "2024.01.20"]
[Round "2.30"]
[White "Simmons, Michael W"]
[Black "Johnson, Elaine"]
[Result "1/2-1/2"]
[WhiteElo "1167"]
[BlackElo "1514"]
[PlyCount "125"]
[EventDate "2024.01.19"]

1. d4 Nf6 2. c4 e5 3. e3 exd4 4. exd4 d5 5. Nf3 Be7 6. Nbd2 O-O 7. Be2 dxc4 8.
Nxc4 Nc6 9. O-O Bg4 10. Be3 Qd5 11. b3 Ne4 12. Rc1 Bb4 13. Bd2 Nxd2 14. Ncxd2
Nxd4 15. Nxd4 Qxd4 16. Nf3 Qd6 17. Qxd6 Bxd6 18. h3 Bh5 19. g4 Bg6 20. Nh4 Rfe8
21. Bf3 Be4 22. Bxe4 Rxe4 23. Rfe1 Rae8 24. Rxe4 Rxe4 25. Nf5 Bf4 26. Rd1 Kf8
27. Rd8+ Re8 28. Rxe8+ Kxe8 29. Nxg7+ Kf8 30. Nf5 c5 31. Kg2 b5 32. Kf3 Bc7 33.
Ke3 Ke8 34. Kd3 a5 35. Ng7+ Ke7 36. Nf5+ Kf6 37. Ke4 Kg5 38. f4+ Bxf4 39. Ne7
Bd6 40. Nd5 Kh4 41. Nf6 Kxh3 42. Kf5 h6 43. Nh5 Be7 44. Nf4+ Kg3 45. Nh5+ Kf3
46. Nf4 Ke3 47. Nd5+ Kd4 48. Nxe7 c4 49. Nc6+ Kd3 50. Ne5+ Kd4 51. Nc6+ Kd3 52.
Ne5+ Kc3 53. Nc6 cxb3 54. axb3 Kxb3 55. Nxa5+ Kc3 56. Kf6 Kd3 57. Kxf7 Ke4 58.
Kg6 Kf4 59. Kxh6 Kxg4 60. Kg6 Kf4 61. Kf6 Ke4 62. Ke6 b4 63. Kd6 1/2-1/2

[Event "31st 4NCL Congress"]
[Site "Harrogate, North Yorkshire, ENG"]
[Date "2024.01.20"]
[Round "2.32"]
[White "Merrifield, Peter"]
[Black "Jackson, Malcolm"]
[Result "0-1"]
[WhiteElo "1121"]
[BlackElo "1474"]
[PlyCount "58"]
[EventDate "2024.01.19"]

1. d4 Nf6 2. Nf3 e6 3. c4 c5 4. e3 d5 5. Be2 cxd4 6. exd4 dxc4 7. Qa4+ Bd7 8.
Qxc4 a6 9. Qd3 Bb4+ 10. Bd2 Bb5 11. Qe3 Bxd2+ 12. Qxd2 Bxe2 13. Qxe2 Nc6 14.
Qd2 Qb6 15. O-O Rd8 16. Rd1 e5 17. Qe2 O-O 18. Na3 exd4 19. Nc4 Qa7 20. Rd3
Rfe8 21. Qd2 Ne4 22. Qc2 Nb4 23. Qb3 Nxd3 24. Qxd3 Nc5 25. Qa3 d3 26. Ncd2 Re2
27. Rf1 b5 28. b4 Ne4 29. Qb2 Nxf2 0-1

[Event "31st 4NCL Congress"]
[Site "Harrogate, North Yorkshire, ENG"]
[Date "2024.01.20"]
[Round "2.33"]
[White "Brown, Chris"]
[Black "Halpin, David"]
[Result "1/2-1/2"]
[WhiteElo "1471"]
[BlackElo "1179"]
[PlyCount "70"]
[EventDate "2024.01.19"]

1. e4 c6 2. Nf3 d5 3. Nc3 e6 4. Be2 Qc7 5. d4 Bb4 6. e5 Nd7 7. O-O Ne7 8. Bd2
Bxc3 9. Bxc3 O-O 10. Bb4 c5 11. Ba3 a6 12. c3 b5 13. b4 c4 14. Qd2 Nb6 15. Bd1
Nc6 16. Bc2 h6 17. Rfe1 Qe7 18. Qf4 f5 19. exf6 Qxf6 20. Qg3 Ne7 21. Ne5 Qf4
22. Qxf4 Rxf4 23. Bc1 Rf6 24. Be3 Nd7 25. f4 Nxe5 26. fxe5 Rf7 27. Rf1 Nf5 28.
Bd2 Bd7 29. Rae1 Raf8 30. Rf2 g5 31. Ref1 Kg7 32. g4 Nh4 33. Rxf7+ Rxf7 34.
Rxf7+ Kxf7 35. Kf2 Be8 1/2-1/2

[Event "31st 4NCL Congress"]
[Site "Harrogate, North Yorkshire, ENG"]
[Date "2024.01.20"]
[Round "2.34"]
[White "Johnson, Stanley"]
[Black "Hutchinson, Stephen A"]
[Result "1-0"]
[WhiteElo "1408"]
[BlackElo "1151"]
[PlyCount "119"]
[EventDate "2024.01.19"]

1. d4 d5 2. c4 dxc4 3. e3 Be6 4. Nf3 c6 5. Ne5 b5 6. a4 a6 7. axb5 cxb5 8. Qf3
Nd7 9. d5 Nxe5 10. Qe4 Nf6 11. Qxe5 Bxd5 12. Nc3 e6 13. Nxd5 Qxd5 14. Qxd5 Nxd5
15. Bd2 Be7 16. g3 O-O 17. Bg2 Rad8 18. Rxa6 Nb4 19. Rb6 Nd3+ 20. Ke2 Ne5 21.
Rxb5 f6 22. Ra1 Rd7 23. Bh3 Kf7 24. Ra6 Bd6 25. Bb4 Rfd8 26. Ba5 Rc8 27. Rbb6
Ke7 28. Bg2 Rc5 29. Bb4 Rcc7 30. Bxd6+ Rxd6 31. Rxd6 Rd7 32. Rxd7+ Kxd7 33.
Ra7+ Kd6 34. Rxg7 h6 35. Rh7 Ng4 36. h3 Ne5 37. Kd2 Kc5 38. Kc3 Kb5 39. Rxh6
Ka4 40. Rxf6 Kb5 41. Rxe6 Nd3 42. f4 Nf2 43. Re5+ Ka4 44. Kxc4 Nd1 45. f5 Nxb2+
46. Kd4 Kb4 47. f6 Nc4 48. f7 Nxe5 49. Kxe5 Kc3 50. f8=Q Kd2 51. e4 Ke3 52.
Qf3+ Kd2 53. Kd4 Ke1 54. Qf1+ Kd2 55. Qd3+ Ke1 56. Bf3 Kf2 57. Bg4 Kg1 58. Qe2
Kh1 59. Bf3+ Kg1 60. Qg2# 1-0

[Event "31st 4NCL Congress"]
[Site "Harrogate, North Yorkshire, ENG"]
[Date "2024.01.20"]
[Round "2.35"]
[White "Morgan, Peter"]
[Black "Saxena, Samidh"]
[Result "0-1"]
[WhiteElo "1398"]
[BlackElo "1096"]
[PlyCount "172"]
[EventDate "2024.01.19"]

1. d4 Nf6 2. Nf3 g6 3. e3 e6 4. Bd3 Bg7 5. O-O O-O 6. Nbd2 d5 7. Re1 Bd7 8. c3
Nc6 9. e4 dxe4 10. Nxe4 Nxe4 11. Bxe4 a6 12. Bg5 Bf6 13. Qd2 Bxg5 14. Nxg5 Re8
15. f4 Rb8 16. Qf2 Qf6 17. Qh4 Qg7 18. Bd3 h6 19. Ne4 Red8 20. Re2 f5 21. Nf2
g5 22. Qg3 g4 23. Bc4 Re8 24. Qd3 Na5 25. Bb3 b5 26. Bc2 b4 27. Qd1 bxc3 28. b3
g3 29. Nh3 gxh2+ 30. Kxh2 Nc6 31. Re3 Kf8 32. Rg3 Qf7 33. Rxc3 Rb4 34. Rd3 Rd8
35. a3 Rb5 36. b4 Rd5 37. Bb3 Rd6 38. Rc1 Be8 39. Rc4 Qf6 40. Ba4 Nxd4 41. Bxe8
Kxe8 42. Rxc7 Nf3+ 43. Qxf3 Rxd3 44. Qh5+ Kf8 45. Rh7 R8d7 46. Rxh6 Qd4 47. Qg5
Rg7 48. Rh8+ Kf7 49. Qh5+ Ke7 50. Qe8+ Kd6 51. Qb8+ Ke7 52. Re8+ Kf6 53. Rf8+
Kg6 54. Qe8+ Kh6 55. Rh8+ Rh7 56. Qxe6+ Kg7 57. Qe7+ Kg6 58. Qg5+ Kf7 59. Rxh7+
Ke6 60. Qe7+ Kd5 61. Qb7+ Kc4 62. Qxa6+ Kb3 63. Qe6+ Kxa3 64. Ra7+ Qxa7 65.
Qxf5 Rb3 66. Qd5 Rxb4 67. f5 Qc7+ 68. Kg1 Qc1+ 69. Kh2 Qc7+ 70. Kg1 Rb1+ 71.
Kf2 Qc2+ 72. Kg3 Rb3+ 73. Kh2 Qc3 74. Ng1 Qg3+ 75. Kh1 Qh4+ 76. Nh3 Rb1+ 77.
Kh2 Rb3 78. Qa5+ Qa4 79. Qxa4+ Kxa4 80. g4 Kb5 81. g5 Kc6 82. g6 Rb8 83. f6 Kd7
84. g7 Ke6 85. Nf4+ Kxf6 86. Nh5+ Kg6 0-1

[Event "31st 4NCL Congress"]
[Site "Harrogate, North Yorkshire, ENG Yorkshire HG1 2SR."]
[Date "2024.01.20"]
[Round "3.1"]
[White "Webster, Vivien"]
[Black "Quaite, Toby"]
[Result "0-1"]
[WhiteElo "1663"]
[BlackElo "1686"]
[PlyCount "74"]
[EventDate "2024.01.19"]

1. e4 Nf6 2. Nc3 d5 3. Bb5+ c6 4. Bd3 e5 5. exd5 cxd5 6. Qe2 Bd6 7. Bb5+ Nc6 8.
d3 h6 9. h3 O-O 10. Bxc6 bxc6 11. a3 Re8 12. Qd1 e4 13. dxe4 Nxe4 14. Nce2 Bc5
15. Be3 Bxe3 16. fxe3 Qh4+ 17. g3 Nxg3 18. Nf3 Qe4 19. Nxg3 Qxe3+ 20. Qe2 Bg4
21. Qxe3 Rxe3+ 22. Kf2 Rxf3+ 23. Kg2 Rxg3+ 24. Kxg3 Bf5 25. Rh2 Re8 26. Rf1
Re3+ 27. Rf3 Rxf3+ 28. Kxf3 g5 29. c3 Kg7 30. h4 Be4+ 31. Kg3 f5 32. hxg5 hxg5
33. b4 Bd3 34. a4 Bc4 35. Rh5 f4+ 36. Kf3 Kg6 37. Rh8 Bb3 0-1

[Event "31st 4NCL Congress"]
[Site "Harrogate, North Yorkshire, ENG Yorkshire HG1 2SR."]
[Date "2024.01.20"]
[Round "3.2"]
[White "Neil, Graham"]
[Black "Boustred, Noel J"]
[Result "0-1"]
[WhiteElo "1619"]
[BlackElo "1675"]
[PlyCount "76"]
[EventDate "2024.01.19"]

1. d4 f5 2. Nf3 g6 3. e3 Bg7 4. Bc4 d5 5. Bb3 a5 6. a4 Qd6 7. Qe2 b6 8. Qb5+ c6
9. Qd3 Ba6 10. c4 Qb4+ 11. Nbd2 Nf6 12. Qc2 Nbd7 13. Ng5 Qd6 14. Qd1 h6 15.
Ngf3 Qb4 16. cxd5 cxd5 17. Nh4 Kf7 18. Qf3 e6 19. Qd1 Rac8 20. Nhf3 Rc7 21. Ng1
e5 22. Ne2 exd4 23. Nf4 dxe3 24. fxe3 Qc5 25. Nf3 Qb4+ 26. Bd2 Qe4 27. h3 g5
28. Ne2 Nc5 29. Kf1 Bxe2+ 30. Kxe2 Qd3+ 31. Ke1 Qxb3 32. Ne5+ Ke6 33. Bc3 Nfe4
34. Nf3 Bxc3+ 35. bxc3 Qxc3+ 36. Kf1 Ng3+ 37. Kg1 Qxe3+ 38. Kh2 Nd3 0-1

[Event "31st 4NCL Congress"]
[Site "Harrogate, North Yorkshire, ENG Yorkshire HG1 2SR."]
[Date "2024.01.20"]
[Round "3.3"]
[White "Roberts, Malcolm A"]
[Black "De Block, Gert"]
[Result "0-1"]
[WhiteElo "1671"]
[BlackElo "1590"]
[PlyCount "89"]
[EventDate "2024.01.19"]

1. e4 e6 2. d4 d5 3. exd5 exd5 4. Nf3 Nf6 5. Bd3 h6 6. O-O Be6 7. Re1 Bd6 8.
Nc3 O-O 9. h3 c5 10. dxc5 Bxc5 11. Na4 Bd6 12. Bd2 Nc6 13. Qc1 Nb4 14. Bxb4
Bxb4 15. c3 Bd6 16. b4 Rc8 17. Qd2 Qc7 18. Rac1 Bf4 19. Qb2 Bxc1 20. Rxc1 Qf4
21. Be2 Ne4 22. Nc5 Nxc5 23. bxc5 Rxc5 24. g3 Qf6 25. Qb4 Rc7 26. Kh2 Rfc8 27.
a3 Rxc3 28. Rxc3 Rxc3 29. Kg2 Rc2 30. Nd4 Rc8 31. Nxe6 Qxe6 32. Bg4 f5 33. Bf3
b6 34. Qd4 Rc5 35. Qf4 Kh7 36. g4 fxg4 37. hxg4 Rc4 38. Qd2 Rxg4+ 39. Bxg4
Qxg4+ 40. Kf1 Qh3+ 41. Ke2 Qg4+ 42. Kf1 Qc4+ 43. Kg1 Qe4 44. Kf1 d4 45. Kg1 0-1

[Event "31st 4NCL Congress"]
[Site "Harrogate, North Yorkshire, ENG Yorkshire HG1 2SR."]
[Date "2024.01.20"]
[Round "3.4"]
[White "Pointon, Mike"]
[Black "Cox, Kevin"]
[Result "1-0"]
[WhiteElo "1668"]
[BlackElo "1589"]
[PlyCount "66"]
[EventDate "2024.01.19"]

1. e4 c5 2. Nf3 Nc6 3. d4 cxd4 4. Nxd4 Qb6 5. Nb3 g6 6. Be3 Qb4+ 7. N1d2 Bg7 8.
c3 Qd6 9. Be2 Nf6 10. Qc2 O-O 11. f4 e5 12. Bc5 Qc7 13. Bxf8 Kxf8 14. fxe5 Nxe5
15. h3 a6 16. O-O-O b5 17. Nf3 Bb7 18. Nxe5 Qxe5 19. Bf3 Rc8 20. Rhe1 b4 21.
Nd4 bxc3 22. bxc3 Qa5 23. Kb2 Kg8 24. e5 Bxf3 25. Nxf3 Nd5 26. Rc1 Bf8 27. Qb3
Rc6 28. Ka1 Rb6 29. Qc4 Qa3 30. Rc2 Ne7 31. Ng5 Nd5 32. Qxd5 Qe7 33. Nf3 Bg7
1-0

[Event "31st 4NCL Congress"]
[Site "Harrogate, North Yorkshire, ENG Yorkshire HG1 2SR."]
[Date "2024.01.20"]
[Round "3.5"]
[White "Baxter, Martin"]
[Black "Monk, Carl"]
[Result "0-1"]
[WhiteElo "1660"]
[BlackElo "1593"]
[PlyCount "112"]
[EventDate "2024.01.19"]

1. e4 c5 2. a3 Nc6 3. b4 e5 4. b5 Nd4 5. Bc4 Nf6 6. d3 g6 7. Nf3 d6 8. Ng5 d5
9. exd5 Nxd5 10. c3 Ne6 11. Nf3 Bg7 12. Qb3 Ndf4 13. Bxf4 exf4 14. Nbd2 O-O 15.
O-O-O Bd7 16. Ne4 Qc7 17. h4 h5 18. Neg5 Rae8 19. Rde1 Nd8 20. Rxe8 Bxe8 21.
Qc2 Qa5 22. d4 Qxa3+ 23. Kb1 Kh8 24. Re1 Bd7 25. Bd3 cxd4 26. cxd4 Bxd4 27.
Nxd4 Qb4+ 28. Qb2 Qxe1+ 29. Ka2 Qe5 30. Qb4 Kg8 31. Ndf3 Be6+ 32. Nxe6 Qxe6+
33. Bc4 Qf6 34. Ng5 b6 35. Qxf8+ Kxf8 36. Nh7+ Kg7 37. Nxf6 Kxf6 38. Kb3 Kf5
39. f3 g5 40. hxg5 Kxg5 41. Kc3 Kh4 42. Kd3 Kg3 43. Ke4 Kxg2 44. Kxf4 h4 45.
Kg4 h3 46. f4 h2 47. Bd5+ Kg1 48. Kf5 h1=Q 49. Bxh1 Kxh1 50. Kf6 Kg2 51. f5 Kf3
52. Ke7 Ke4 53. f6 Ke5 54. Kxd8 Kxf6 55. Kc7 Ke6 56. Kb7 f5 0-1

[Event "31st 4NCL Congress"]
[Site "Harrogate, North Yorkshire, ENG Yorkshire HG1 2SR."]
[Date "2024.01.20"]
[Round "3.6"]
[White "Smith, Jacob"]
[Black "Hambly, Neil"]
[Result "0-1"]
[WhiteElo "1645"]
[BlackElo "1585"]
[PlyCount "106"]
[EventDate "2024.01.19"]

1. e4 b6 2. Nf3 Bb7 3. d3 e6 4. Nbd2 Nf6 5. g3 g6 6. Bg2 Bg7 7. O-O O-O 8. Re1
d6 9. c3 e5 10. d4 Nc6 11. d5 Ne7 12. a4 Bc8 13. a5 Nh5 14. axb6 cxb6 15. Nc4
Bg4 16. Be3 Qd7 17. Qe2 b5 18. Ncd2 f5 19. h3 Bxf3 20. Bxf3 f4 21. Bxh5 gxh5
22. gxf4 exf4 23. Bd4 Qxh3 24. Bxg7 Kxg7 25. Qf3 Qg4+ 26. Qxg4+ hxg4 27. Ra6
Rfd8 28. Nb3 Ng6 29. Nd4 Kf6 30. Nxb5 Nh4 31. e5+ Kg5 32. Re4 Nf3+ 33. Kg2 dxe5
34. Nc7 Kf5 35. Rb4 Rab8 36. Rxb8 Rxb8 37. d6 Rd8 38. Nb5 h5 39. Rxa7 h4 40. c4
h3+ 41. Kf1 g3 42. fxg3 fxg3 43. Ra1 g2+ 44. Kf2 Kg4 45. c5 Rf8 46. d7 Ne1+ 47.
Kg1 h2+ 48. Kxh2 Rf1 49. Ra4+ Kh5 50. Rh4+ Kg6 51. Rg4+ Kh5 52. d8=Q Rh1+ 53.
Kg3 g1=Q# 0-1

[Event "31st 4NCL Congress"]
[Site "Harrogate, North Yorkshire, ENG Yorkshire HG1 2SR."]
[Date "2024.01.20"]
[Round "3.7"]
[White "Egan, William J"]
[Black "Jackson, Paul Robert"]
[Result "0-1"]
[WhiteElo "1635"]
[BlackElo "1567"]
[PlyCount "104"]
[EventDate "2024.01.19"]

1. d4 d5 2. Bf4 Bf5 3. e3 e6 4. Bd3 Bg6 5. Qe2 Nf6 6. h3 Bd6 7. Bxd6 Qxd6 8.
Nf3 Nbd7 9. c3 c6 10. Nbd2 Bxd3 11. Qxd3 O-O 12. O-O e5 13. dxe5 Nxe5 14. Nxe5
Qxe5 15. Nf3 Qc7 16. Rac1 Rad8 17. Rfd1 Ne4 18. c4 Nf6 19. c5 Rfe8 20. Nd4 g6
21. b4 Nd7 22. Nf3 Ne5 23. Nxe5 Qxe5 24. Rc2 Qe4 25. Qc3 Qe5 26. Rd4 f5 27. Qd2
a6 28. Qd3 Qf6 29. Qd2 Re4 30. Rd3 Rde8 31. g3 Qa1+ 32. Kg2 Qf6 33. a4 h5 34.
h4 Qe7 35. Rd4 Rxd4 36. Qxd4 Qe4+ 37. Qxe4 Rxe4 38. Rb2 Kf7 39. Rb3 d4 40. f3
Rxe3 41. Rxe3 dxe3 42. Kf1 Ke6 43. Ke2 Kd5 44. Kxe3 a5 45. bxa5 Kxc5 46. Kf4
Kb4 47. Kg5 c5 48. Kxg6 c4 49. Kxf5 c3 50. Kg5 c2 51. Kxh5 c1=Q 52. f4 Kc5 0-1

[Event "31st 4NCL Congress"]
[Site "Harrogate, North Yorkshire, ENG Yorkshire HG1 2SR."]
[Date "2024.01.20"]
[Round "3.8"]
[White "Singhal, Saket"]
[Black "Waite, Nicholas"]
[Result "1-0"]
[WhiteElo "1627"]
[BlackElo "1361"]
[PlyCount "71"]
[EventDate "2024.01.19"]

1. e4 d6 2. Nf3 Nf6 3. Nc3 g6 4. d4 Bg7 5. Bc4 Nxe4 6. Nxe4 d5 7. Bxd5 Qxd5 8.
Nc3 Qd8 9. Bf4 Bg4 10. Nb5 Na6 11. c3 c6 12. Na3 Nc7 13. h3 Bxf3 14. Qxf3 O-O
15. Nc2 h6 16. O-O-O Nd5 17. h4 Qa5 18. Kb1 b5 19. Bd2 Qb6 20. Ne3 Nxe3 21.
Bxe3 b4 22. c4 Qa6 23. b3 Rfc8 24. h5 g5 25. Qg4 f6 26. Qe6+ Kf8 27. d5 Re8 28.
Bc5 Qa5 29. Qxc6 Rac8 30. Bxe7+ Kg8 31. Qe6+ Kh8 32. d6 Rc6 33. d7 Rxe6 34.
dxe8=Q+ Kh7 35. Qg6+ Kh8 36. Rd8+ 1-0

[Event "31st 4NCL Congress"]
[Site "Harrogate, North Yorkshire, ENG Yorkshire HG1 2SR."]
[Date "2024.01.20"]
[Round "3.9"]
[White "Johnson, Elaine"]
[Black "Fletcher, Ben J"]
[Result "1-0"]
[WhiteElo "1514"]
[BlackElo "1347"]
[PlyCount "46"]
[EventDate "2024.01.19"]

1. e4 c5 2. a3 Nc6 3. b4 cxb4 4. axb4 Nxb4 5. d4 d5 6. c3 Nc6 7. e5 Bf5 8. Na3
a6 9. Nf3 e6 10. Bd3 Nge7 11. O-O Nc8 12. Bxf5 exf5 13. Re1 Be7 14. Qd3 Bxa3
15. Bxa3 N8e7 16. c4 O-O 17. Nh4 dxc4 18. Qxc4 Re8 19. Rad1 Rc8 20. Qd3 g6 21.
d5 Nxd5 22. Bb2 Nc7 23. Qg3 Qe7 1-0

[Event "31st 4NCL Congress"]
[Site "Harrogate, North Yorkshire, ENG Yorkshire HG1 2SR."]
[Date "2024.01.20"]
[Round "3.10"]
[White "Bourke, Konstantinos"]
[Black "Sloan, Cecil"]
[Result "1/2-1/2"]
[WhiteElo "1572"]
[BlackElo "1612"]
[PlyCount "84"]
[EventDate "2024.01.19"]

1. e4 c5 2. Nf3 Nc6 3. d4 cxd4 4. Nxd4 e5 5. Nb5 d6 6. c4 Nf6 7. N1c3 a6 8. Na3
g6 9. Bd3 Bg7 10. Nc2 O-O 11. Be3 Ng4 12. Nd5 Nxe3 13. Ncxe3 Qa5+ 14. Qd2 Qxd2+
15. Kxd2 Be6 16. h4 Bh6 17. g4 Bxd5 18. cxd5 Bxe3+ 19. fxe3 Nb4 20. Be2 a5 21.
a3 Na6 22. Bxa6 bxa6 23. Rhc1 Rfc8 24. Rxc8+ Rxc8 25. Rc1 Rb8 26. Rc2 Kf8 27.
Kc1 Ke7 28. Rc7+ Ke8 29. Kc2 a4 30. Rc6 Rb3 31. Rc3 Rb6 32. b4 Kd7 33. g5 Rb7
34. Kd3 Rc7 35. Rxc7+ Kxc7 36. Kc3 Kb7 37. Kc4 Kb6 38. Kd3 Kc7 39. Ke2 Kb6 40.
Kd2 Kc7 41. Kc2 Kb6 42. Kd3 Kc7 1/2-1/2

[Event "31st 4NCL Congress"]
[Site "Harrogate, North Yorkshire, ENG Yorkshire HG1 2SR."]
[Date "2024.01.20"]
[Round "3.11"]
[White "Maher, Mike P"]
[Black "Oliver, Peter J R"]
[Result "1/2-1/2"]
[WhiteElo "1606"]
[BlackElo "1542"]
[PlyCount "116"]
[EventDate "2024.01.19"]

1. d4 Nf6 2. c4 g6 3. Nc3 Bg7 4. e4 d6 5. Be2 Nbd7 6. Nf3 e5 7. O-O O-O 8. Be3
Ng4 9. Bg5 f6 10. Bc1 c6 11. h3 Nh6 12. Be3 Nf7 13. d5 f5 14. b4 f4 15. Bd2 Nf6
16. Nh2 g5 17. Ng4 Nxg4 18. Bxg4 Bxg4 19. Qxg4 Qe7 20. b5 Nh6 21. Qe6+ Qxe6 22.
dxe6 Rfe8 23. bxc6 bxc6 24. Rab1 Rab8 25. a4 Kf8 26. a5 Ke7 27. a6 Kxe6 28. Rb7
Rxb7 29. axb7 Rb8 30. Rb1 Nf7 31. Na4 Nd8 32. c5 Rxb7 33. Rxb7 Nxb7 34. cxd6
Nxd6 35. Nc5+ Kf6 36. Bb4 Kg6 37. f3 h5 38. Na6 Nb7 39. Kf2 c5 40. Nxc5 Nxc5
41. Bxc5 a5 42. Ke2 Kf7 43. Kd3 Bf8 44. Bxf8 Kxf8 45. Kc4 Kf7 46. Kb5 Kf6 47.
Kxa5 g4 48. hxg4 hxg4 49. Kb5 gxf3 50. gxf3 Kg5 51. Kc4 Kh4 52. Kd5 Kg3 53.
Kxe5 Kxf3 54. Kd5 Kg3 55. e5 f3 56. e6 f2 57. e7 f1=Q 58. e8=Q Qd3+ 1/2-1/2